El legado cultural de España al siglo XXI / (Record no. 183335)

MARC details
000 -LEADER
campo de control de longitud fija 01237nam a22002895i 4500
001 - NÚMERO DE CONTROL
campo de control 183335
003 - IDENTIFICADOR DE NÚMERO DE CONTROL
campo de control ES-MaACL
005 - FECHA Y HORA DE LA ÚLTIMA TRANSACCIÓN
campo de control 20250603170601.0
008 - DATOS DE LONGITUD FIJA--INFORMACIÓN GENERAL
campo de control de longitud fija 140324m19921993sp | |||| ||spa d
020 ## - NÚMERO INTERNACIONAL ESTÁNDAR DEL LIBRO
Número Internacional Estándar del Libro 84-226-4313-8
080 ## - NÚMERO DE LA CLASIFICACIÓN DECIMAL UNIVERSAL
Número de la Clasificación Decimal Universal 008(460)"19"
080 ## - NÚMERO DE LA CLASIFICACIÓN DECIMAL UNIVERSAL
Número de la Clasificación Decimal Universal 316.343.652(460)"19"
245 03 - MENCIÓN DEL TÍTULO
Título El legado cultural de España al siglo XXI /
Mención de responsabilidad, etc. [edición al cuidado de Ignacio Echevarría].
260 ## - PUBLICACIÓN, DISTRIBUCIÓN, ETC.
Lugar de publicación, distribución, etc. Barcelona :
Nombre del editor, distribuidor, etc. Círculo de Lectores,
Fecha de publicación, distribución, etc. D.L. 1992-1993.
300 ## - DESCRIPCIÓN FÍSICA
Extensión 3 v. ;
Dimensiones 25 cm.
505 8# - NOTA DE CONTENIDO CON FORMATO
Nota de contenido con formato 1. Pensamiento, historia y ciencia 2. La literatura: clásicos contemporáneos 3. Las artes
650 #4 - PUNTO DE ACCESO ADICIONAL DE MATERIA--TÉRMINO DE MATERIA
Término de materia o nombre geográfico como elemento de entrada Intelectuales-
Subdivisión geográfica España-
Subdivisión cronológica S.XX.
9 (RLIN) 13853
651 #4 - PUNTO DE ACCESO ADICIONAL DE MATERIA--NOMBRE GEOGRÁFICO
Nombre geográfico España-
Subdivisión general Vida intelectual-
Subdivisión cronológica S.XX
9 (RLIN) 8529
700 1# - ENTRADA AGREGADA--NOMBRE PERSONAL
Nombre de persona Echevarría, Ignacio,
Fechas asociadas al nombre 1960-
9 (RLIN) 46542
710 2# - ENTRADA AGREGADA--NOMBRE DE ENTIDAD CORPORATIVA
Nombre de entidad corporativa o nombre de jurisdicción como elemento de entrada Colegio Libre de Eméritos.
9 (RLIN) 2922
852 ## - LOCALIZACIÓN
Ubicación ES-MaACL
Número de control de estantería N-6071
Designación de la unidad física v.1
itemnumber 190274
Sublocalización o colección R.149934
Ubicación en estantería Depósito 1
Signatura antigua Olim: N-6071
Donativo/Legado Donación: Amadeo Aláez
852 ## - LOCALIZACIÓN
Ubicación ES-MaACL
Número de control de estantería N-6072
Designación de la unidad física v.2
itemnumber 200758
Sublocalización o colección R.149934
Ubicación en estantería Depósito 1
Signatura antigua Olim: N-6072
Donativo/Legado Donación: Amadeo Aláez
852 ## - LOCALIZACIÓN
Ubicación ES-MaACL
Número de control de estantería N-6073
Designación de la unidad física v.3
itemnumber 200759
Sublocalización o colección R.149934
Ubicación en estantería Depósito 1
Signatura antigua Olim: N-6073
Donativo/Legado Donación: Amadeo Aláez
903 ## - NOMBRE PERSONAL DE DONANTE
a Aláez Rojo, Amadeo
e Donante
9 19076
942 ## - ELEMENTOS DE ENTRADA SECUNDARIOS (KOHA)
Fuente del sistema de clasificación o colocación Clasificación decimal universal
Tipo de ítem Koha Libro impreso
Holdings
Estatus retirado Estado de pérdida Fuente del sistema de clasificación o colocación Estado de daño No para préstamo Biblioteca de origen Biblioteca actual Ubicación en estantería Fecha de adquisición Fuente de adquisición Enumeración/cronología de publicación seriada Total de préstamos Signatura topográfica completa Código de barras Visto por última vez Precio de reemplazo Tipo de ítem Koha
    Clasificación decimal universal     Biblioteca del Ateneo de Madrid Biblioteca del Ateneo de Madrid Depósito 1 24/03/2014 Donación v.1   A-13071 1192701 23/02/2023 23/02/2023 Libro impreso
    Clasificación decimal universal     Biblioteca del Ateneo de Madrid Biblioteca del Ateneo de Madrid Depósito 1 24/03/2014 Donación v.2   A-13072 101206048 02/11/2023 23/02/2023 Libro impreso
    Clasificación decimal universal     Biblioteca del Ateneo de Madrid Biblioteca del Ateneo de Madrid Depósito 1 24/03/2014 Donación v.3   A-13073 101206049 02/11/2023 23/02/2023 Libro impreso